[Event "Salou-A"]
[Site "Salou"]
[Date "2000.10.24"]
[Round "8"]
[White "Oratovsky, Michael"]
[Black "Tyomkin, Dimitri"]
[Result "0-1"]
[WhiteElo "2492"]
[BlackElo "2516"]
[Annotator "Tyomkin,D"]
[PlyCount "74"]
[EventDate "2000.10.16"]
[EventType "tourn"]
[EventRounds "9"]
[EventCountry "ESP"]
[EventCategory "10"]
[SourceTitle "CBM 080"]
[Source "ChessBase"]
[SourceDate "2001.01.25"]
[SourceVersion "1"]
[SourceVersionDate "2001.01.25"]
[SourceQuality "1"]

1. e4 c5 2. Nf3 d6 3. d4 cxd4 4. Nxd4 Nf6 5. Nc3 Nc6 6. Bg5 e6 7. Qd2 a6 8.
O-O-O h6 9. Be3 Be7 10. f4 Nxd4 11. Bxd4 b5 12. Bd3 b4 13. Na4 ({The main
continuation is:} 13. Ne2) 13... Rb8 14. e5 (14. b3 {was another attempt in
this position, but black doesn't suffer too much also in that line.}) 14...
dxe5 15. Bxe5 (15. fxe5 $2 Nd5 {[%csl Ra4][%cal Ge7g5,Gc8d7] /\Bg5, /\Bd7} 16.
Kb1 (16. Qf2 Qa5 17. b3 Bd7 $17) 16... Bd7 17. Nc5 Nc3+ $1) 15... Bd7 $1 {
All this is still theory. Now white has a large choice of possibilities. The
capture of the rook leads to the position with the strong attack of black, and
it can not be reccomended. 16. b3 of Kamsky leads to the semilar position with
the line 16. Bxb8, but white gets better position than after 16.Bxb8. 16.f5,
the move of the game, leads to sharp complications with the strong attack of
white, but black has a way to defend, as it was proved before.} 16. f5 (16.
Bxb8 Qxb8 17. b3 Bxa4 18. bxa4 O-O (18... Nd5 $6 19. Bc4) 19. g4 (19. Bxa6 Nd5
20. g3 Nc3 21. Qd7 {/\Qxe7,/\Qb7} Qb6 $1 {/\Qxa6,/\Qe3} (21... Bf6 22. Qb7 $1)
22. Qxe7 Qe3+ 23. Rd2 Nxa2+ 24. Kd1 Qf3+ $19) 19... Nd5 20. g5 Bd6 $1) (16. b3
{Kamsky-Yermolinsky, National open US 1993 1/2-1/2} Bxa4 17. bxa4 O-O 18. Bc4
Qa5 19. Bxb8 Rxb8 20. Bb3 Ne4 21. Qe3 {[%cal Ge3a7]} Nc5 {/\Rc8 with a strong
position for black.}) 16... Bxa4 (16... Nd5 $5) (16... exf5 17. Qf4 $1) 17.
fxe6 Rc8 (17... O-O 18. exf7+ Rxf7 (18... Kh8 19. Bxb8 Qxb8 20. Bc4 $14 (20.
Bg6 Ne4 $1 $19 {/\Bg5 and Nc3+})) 19. Bxb8 Qxb8 20. Bc4 Qc7 21. Bxf7+ Kxf7 22.
Rhe1 $16 {Dvoirys,S-Khalifman,A/Simferopol 46/263 1988,1-0 (39)}) (17... fxe6
18. Bg6+ Kf8 19. Qe2 (19. Qf4) 19... Qc8 20. Bxb8 Qxb8 21. Qxe6 $18) 18. exf7+
Kxf7 19. Qf4 Qb6 20. Bc4+ Rxc4 $1 $146 {Theoretical novelty, which probably
closes this variation for white. This move was missed before by several
players.} (20... Kg6 $2 21. Bxf6 $1 Qxf6 (21... Rxc4 22. Qg3+ $18) 22. Qe4+ Qf5
23. Bf7+ Kf6 24. Rhf1 $18) ({The previously played move in this position is:} 
20... Kf8 21. Rhe1 {I believe that white has enough compensation here.}) 21.
Qxc4+ Kg6 {After analyses, I've made conclusion that the exact way is to go to
the ending.} (21... Qe6 $5 22. Qxe6+ Kxe6 23. Rhe1 Kf5 $1 (23... Kf7 24. Bd6 $1
) 24. Bd6 Bxd6 25. Rxd6 Rc8 26. b3 Bc6 $15 {But, in this stage, black played
for bigger advantage.}) 22. Rhe1 {Here, actually white could force black to go
to the ending by:} (22. Qd3+ Kf7 23. Qc4+ Qe6 ({otherwise white has perpetual
check:} 23... Kg6 24. Qd3+)) 22... Bb5 (22... Qc5 23. Qxc5 Bxc5 24. Bd4 $14)
23. Qf4 Rc8 24. g4 (24. Kb1 Qc5 {[%cal Gg6h7]} (24... Qc6 {[%cal Gg6h7]}) (
24... Kh7 $4 25. Qf5+ {[%csl Rc8]})) (24. Bxf6 Bxf6 $5 (24... Qxf6) 25. Rd6 Qc5
26. Qe4+ Qf5 $17 (26... Kf7 27. Rxf6+ {probably draw})) 24... Qc5 25. Qf5+ (25.
Rd2 Bd3 $1) 25... Kf7 26. h4 $6 (26. Rd2 Rc6 $1 {/\ Qc4} (26... Qc4 27. Bxf6
Bxf6 28. Rd6 {[%cal Rd6f6] /\ Rxf6! and perpetual check.}) (26... Bc4 $6 27. b3
Bb5 28. h4 $40) (26... Kg8 $5) 27. h4 (27. g5 hxg5 28. Qxg5 Bd3 $1 $17) 27...
Qc4 28. g5 Qxh4 29. Rg1 hxg5 30. Rxg5 Kf8 $1 31. Qg6 Qh6 {and black easily
defends.}) 26... g6 27. Qe6+ $1 {It was whites idea, which was started on 26th
move. Unfortunately, white had missed nice tactical defense of black.} Kxe6 28.
Bd6+ Ne4 $3 {Setting free f6 square for the king.} (28... Kf7 29. Rxe7+ Kf8 (
29... Kg8 30. Bxc5 Rxc5 31. Rd8+) 30. Ra7+ Qxd6 31. Rxd6 Nxg4 32. Rxg6 Ne3 33.
Rf6+ Kg8 34. Rg6+ $11) 29. Rxe4+ Kf6 30. Bxc5 Rxc5 (30... Bxc5 $17) 31. Rde1 (
31. Rxb4 Rxc2+ 32. Kxc2 Bxb4 {Black should win in this ending. The plan is to
attack pawns of the kingside with bishops, and probably white loses the pawn
in that case. White can not get passed pawn on the queenside, so it looks like
white wins here.} 33. Kb3 Be7 $17 {[%cal Gb5e2]}) 31... Rc7 32. R1e3 {Covering
d3-square.} Kf7 $1 33. Rf3+ Kg7 34. h5 $2 {Decisive mistake in hopeless
position.} Bg5+ 35. Kb1 Bc6 {[%cal Rc6f3]} 36. Rc4 Re7 37. Rf1 Bb5 {[%cal
Rb5f1] White rooks can not run out of black bishop.} 0-1

[Event "Buenos Aires Sicilian"]
[Site "Buenos Aires"]
[Date "1994.10.27"]
[Round "12"]
[White "Ljubojevic, Ljubomir"]
[Black "Shirov, Alexei"]
[Result "1-0"]
[WhiteElo "2580"]
[BlackElo "2740"]
[Annotator "Wahls,M"]
[PlyCount "157"]
[EventDate "1994.10.12"]
[EventType "tourn"]
[EventRounds "14"]
[EventCountry "ARG"]
[EventCategory "18"]
[SourceTitle "CBM 044"]
[Source "ChessBase"]
[SourceDate "1995.02.01"]
[SourceVersion "1"]
[SourceVersionDate "1995.02.01"]
[SourceQuality "1"]

1. e4 c5 2. Nf3 Nc6 3. d4 cxd4 4. Nxd4 Nf6 5. Nc3 d6 6. Bg5 e6 7. Qd2 a6 8.
O-O-O h6 9. Be3 Qc7 10. f4 Bd7 11. Bd3 b5 12. h3 Na5 13. Kb1 (13. g4 Nc4 14.
Bxc4 Qxc4 15. Qd3 Rc8 16. Qxc4 Rxc4 17. e5 b4 18. exf6 bxc3 19. b3 Rc8 20. fxg7
Bxg7 21. Rhf1 h5 22. f5 hxg4 23. hxg4 Rh3 24. Bg5 e5 25. f6 Bf8 26. Nf5 Bxf5
27. gxf5 Kd7 28. Rd3 Rxd3 29. cxd3 d5 30. Re1 Bd6 31. Kc2 Rg8 {0-1 Vehi Bach,
V-Spraggett,K/Andorra op (2) 1993}) 13... Nc4 (13... b4 14. Nce2 Nc4 15. Bxc4
Qxc4 16. Ng3 Be7 17. Rhf1 Rb8 18. Ka1 Bb5 19. Rf3 a5 20. e5 dxe5 21. fxe5 Nd5
22. Nh5 Rg8 23. Rg3 g5 24. h4 a4 25. hxg5 a3 26. gxh6 Rxg3 27. Nxg3 axb2+ 28.
Kxb2 Qc3+ 29. Qxc3 bxc3+ 30. Ka1 Nxe3 31. h7 Kd7 32. Rb1 Bc5 33. Rxb5 Bxd4 34.
Rxb8 Nxc2+ 35. Kb1 Na3+ 36. Kc1 Be3+ 37. Kd1 c2+ 38. Ke2 c1=Q 39. h8=Q {
1-0 Joecks,Ch-Bartak,V/Praha It 1992}) 14. Bxc4 Qxc4 15. Qd3 (15. e5 b4 16.
exf6 bxc3 17. fxg7 Bxg7 18. Qxc3 Qxc3 19. bxc3 Ke7 20. Rd3 Rhc8 21. Rhd1 a5 22.
Bc1 Rab8+ 23. Ka1 Bc6 24. Re3 Kd7 25. Ba3 Bd5 26. f5 Rc4 27. Bb2 Be5 28. g4 h5
29. Ree1 hxg4 30. hxg4 Rg8 31. Rg1 Bh2 32. fxe6+ fxe6 33. Rgf1 Rxg4 34. Rf7+
Ke8 35. Ra7 Ra4 36. a3 Bg1 37. Rh7 Bc4 38. Rc7 e5 39. Nb3 Bb6 {Schoeneich,
M-Andresen,S/BL 9394 Dresden-Zehlendorf [7] 1994/0-1 (89)}) 15... Rc8 16. a3 $5
{Es macht durchaus Sinn,den Springer auf seinem Lieblingsfeld zu behaupten.Der
schwächende Charakter dieses Zuges fällt durch den bevorstehenden Damentausch
nicht weiter ins Gewicht.} (16. g4 b4 17. Nce2 Be7 18. Ng3 g6 19. Qd2 a5 20.
Rhf1 e5 21. fxe5 dxe5 22. Nf3 Be6 23. b3 Qb5 24. g5 Nd7 25. gxh6 Bxh3 26. Rf2
Bg4 27. Rdf1 Bxf3 28. Rxf3 f6 29. Qg2 Qc6 30. R3f2 Nf8 31. Rd2 a4 32. Qe2 Rh7
33. Rfd1 {0-1 Yudasin-Csom/Mazatlan 1989}) 16... Be7 17. g4 b4 18. Qxc4 Rxc4
19. axb4 Rxb4 20. Rd3 (20. e5 $5 dxe5 21. fxe5 Nh7 22. Nb3) 20... Nh7 21. Rhd1
O-O 22. e5 dxe5 23. fxe5 Rfb8 24. Nb3 Bc6 25. Bc5 Rxb3 26. Bxe7 Rxb2+ 27. Kc1
R2b7 28. Rd8+ Be8 29. Ba3 Ng5 $4 {eine kleine Taktikaufgabe:} 30. R1d7 $1 $18
Rxd7 31. Rxb8 Nxh3 32. Rxe8+ Kh7 33. Bd6 Nf2 34. Na4 Rb7 35. Nc5 Rb5 36. Nd7
Kg6 37. c4 Rb3 38. Kc2 Rf3 39. c5 Nxg4 40. c6 Ne3+ 41. Kd2 Nd5 42. Nb6 Nxb6 43.
c7 Rf2+ 44. Ke1 Rc2 45. Rb8 Nd5 46. c8=Q Rxc8 47. Rxc8 Ne3 48. Ra8 h5 49. Rxa6
Ng4 50. Ra3 Kf5 51. Rf3+ Kg6 52. Ke2 Nh2 53. Rf4 Ng4 54. Kd3 Nh6 55. Rf1 Kg5
56. Be7+ Kg6 57. Ke4 Ng4 58. Kf4 Nh2 59. Re1 Ng4 60. Re2 Nh6 61. Bd8 Ng4 62.
Bg5 Kh7 63. Ke4 Kg6 64. Bf4 Kh7 65. Rg2 Kg6 66. Rg1 Kh7 67. Kf3 Kg6 68. Rh1 f6
69. exf6 gxf6 70. Kg3 e5 71. Bd2 f5 72. Kf3 f4 73. Ba5 Kg5 74. Bd8+ Kg6 75. Rh3
Nh6 76. Ke4 Nf7 77. Be7 Ng5+ 78. Bxg5 Kxg5 79. Rh1 1-0

[Event "Interzonal-16"]
[Site "Biel"]
[Date "1993.??.??"]
[Round "4"]
[White "Dvoirys, Semen I"]
[Black "Nalbandian, Tigran"]
[Result "1-0"]
[WhiteElo "2590"]
[BlackElo "2485"]
[Annotator "Wolff,P"]
[PlyCount "53"]
[EventDate "1993.07.16"]
[EventType "swiss"]
[EventRounds "13"]
[EventCountry "SUI"]
[SourceTitle "CBM 037"]
[Source "ChessBase"]
[SourceDate "1993.12.01"]
[SourceVersion "1"]
[SourceVersionDate "1993.12.01"]
[SourceQuality "1"]

1. e4 c5 2. Nf3 Nc6 3. d4 cxd4 4. Nxd4 Nf6 5. Nc3 d6 6. Bg5 e6 7. Qd2 a6 8.
O-O-O h6 9. Be3 Be7 10. f4 Nxd4 11. Bxd4 b5 12. Bd3 (12. Be2 {This line was
once thought to be very dangerous, but has now been worked out to a virtual
draw.} b4 13. Na4 Nxe4 14. Qe3 Nf6 15. Bf3 Rb8 16. Ba7 Bd7 17. Nb6 Bb5 18. Kb1
O-O 19. f5 {Don't worry, this has all been played many times before...} Qc7 20.
Bxb8 Rxb8 21. Na8 Qd8 22. Qa7 d5 23. Nc7 Bc6 24. fxe6 Rb7 25. Nxd5 Rxa7 26.
Nxf6+ Bxf6 27. Rxd8+ Bxd8 28. exf7+ Rxf7 29. Bxc6 Rf2 {White can hardly use
his extra pawn, as Black has a good grip on the queenside pawns.} 30. Rd1 Be7
31. Bf3 a5 32. Rd3 {1/2-1/2, Adams-Salov, Biel izt (9). Salov was asked
afterwards why Adams would play a line known to be a draw. He replied, "Mickey
likes to play this line once every so often to remember it!" Adams, apparently,
was not amused.}) 12... Bb7 13. Rhe1 O-O 14. Kb1 b4 $2 {This move is known to
be premature, and Dvoirys gives a textbook demonstration why.} (14... Nd7 $5)
15. Na4 Bc6 16. Nb6 Rb8 17. Nc4 Nxe4 (17... d5 18. Ne5 Ba8 19. exd5 Bxd5 20. f5
$36) (17... Bxe4 18. Bxe4 d5 19. Bxf6 Bxf6 20. Bxd5 exd5 21. Qxd5 $16) 18. Bxe4
Bxe4 (18... d5 19. Ne5 $18) 19. Rxe4 d5 20. Re3 dxc4 21. Qe2 $1 Qa5 (21... Bf6
22. Be5 $18) 22. Qg4 g5 $8 (22... g6 23. Rxe6 $18) (22... f6 23. Qxe6+ Rf7 24.
Qxc4 $18) 23. fxg5 Qxg5 (23... Bxg5 24. h4 $18) (23... hxg5 24. Qh5 $18) 24.
Qe2 $1 $40 (24. Rg3 Qxg4 (24... Bd6 25. h4 (25. Qxg5+ hxg5 26. Rxg5+ Kh7 27.
Bf6 Bf4 $8 28. Rg4 $16) 25... f5 (25... Qxg4 26. Rxg4+ Kh7 27. Bf6 $18) 26.
hxg5 fxg4 27. Rxg4 h5 28. Re4 $16) 25. Rxg4+ Bg5 26. h4 (26. Bf6 Kh7 27. Bxg5
hxg5 28. Rxg5 Rbd8) 26... f5 27. Rg3 Rbd8 28. hxg5 (28. Rd2 e5 29. Be3 f4)
28... e5 29. gxh6+ Kf7 (29... Kh8 $4 30. Bxe5+) (29... Kh7 30. Rg7+ Kh8 (30...
Kxh6 31. Rg3 $18) 31. Rd7 exd4 32. R1xd4 Rxd7 33. Rxd7 Rg8 $14)) 24... Bd6 25.
Re4 h5 26. h4 Qh6 (26... Qg6 27. g4 $18) 27. g4 {Black could continue to fight,
but it's clear that with such a weak kingside and such weak pawns, White
should win.} 1-0

[Event "Pardubice Czech op-A 27th"]
[Site "Pardubice"]
[Date "2016.07.25"]
[Round "4"]
[White "Zakhartsov, Vladimir"]
[Black "Krejci, Jan"]
[Result "1-0"]
[WhiteElo "2429"]
[BlackElo "2504"]
[Annotator "Zakhartsov,Vi"]
[PlyCount "97"]
[EventDate "2016.07.22"]
[EventType "swiss"]
[EventRounds "9"]
[EventCountry "CZE"]
[SourceTitle "CBM 175"]
[Source "ChessBase"]
[SourceDate "2016.11.10"]
[SourceVersion "1"]
[SourceVersionDate "2016.11.10"]
[SourceQuality "1"]

1. e4 c5 2. Nf3 d6 3. d4 cxd4 4. Nxd4 Nf6 5. Nc3 Nc6 6. Bg5 e6 7. Qd2 a6 8.
O-O-O Be7 9. Bxf6 gxf6 10. f4 Nxd4 11. Qxd4 b5 12. e5 d5 13. Bd3 (13. Kb1) (13.
f5) 13... Bd7 {A rare continuation. Other attempts:} (13... Qc7 $2 14. Nxd5
exd5 15. exf6 Bd6 16. Rhe1+ Kf8 17. Qxd5 Bb7 18. Qh5 h6 19. g3 {M. Demuth -
Pavasovic, Feldbach 1996, with a big advantage for White.}) (13... Bb7 14. f5
fxe5 15. Qxe5 Bf6 16. Qe2 $36 Qd6 17. fxe6 fxe6 18. Rhf1 {and White has the
initiative.}) 14. Rhe1 f5 {A novelty, which allows White to land one blow or
another.} (14... Rc8 15. f5 Bc5 16. Qf4 Qc7 17. fxe6 fxe6 18. Qh4 fxe5 19. Nxd5
exd5 20. Qf6 Bd4 21. Qxh8+ Ke7 22. Qg7+ Kd6 23. Qf6+ Be6 24. Bf5 Bxb2+ 25. Kb1
Re8 26. Kxb2 {1-0, Saric Ivan (CRO) 2567 - Durarbeyli Vasif (AZE) 2495,
Sarajevo (Bosnia & Herzegovina) 2010.05.14}) 15. Nxd5 {Vladimir rejected} (15.
Bxf5 $1 {because of} Rc8 {, but here he had another blow:} (15... exf5 $2 16.
e6 $18) 16. Nxd5 $1 (16. Bh3 Bc5 (16... Rc4) 17. Qd3) 16... Rc4 17. Qe3 exd5
18. e6 (18. Rxd5 Bxf5 19. Rxd8+ Bxd8 20. c3 b4 {is unclear}) 18... fxe6 19.
Bxe6 Bxe6 20. Qxe6 {with strong attack for the sacrificed piece.}) 15... Bc6
16. Nf6+ Bxf6 17. Qc5 (17. Qc3 {was probably stronger:} Qc7 18. exf6 O-O-O 19.
Re5 {with an obvious advantage.}) 17... Qd5 18. Qxd5 Bxd5 19. exf6 O-O-O 20. a4
bxa4 21. Bxa6+ Kc7 22. Bb5 {Nevertheless, in the endgame White also has a big
edge.} Ra8 23. c4 Bc6 24. Re5 Bxb5 25. Rxb5 Rhg8 26. g3 Rg6 27. Kc2 Rxf6 28.
Kc3 a3 29. bxa3 Rxa3+ 30. Kb4 Ra2 31. Rc5+ Kb6 32. Rd6+ Kb7 33. Rd7+ Kb8 34.
Rcc7 (34. Rd8+ Kb7 35. Rdc8 {would be very strong:} Rb2+ 36. Kc3 Rxh2 37. R5c7+
Ka6 38. Kb4 e5 39. Kc5 Ka5 40. fxe5 Ra6 41. Rxf7 {and White should win.}) 34...
Rxh2 35. Kc5 h5 36. Kd6 (36. Rb7+ Kc8 37. Rdc7+ Kd8 38. Kd6 {also left good
winning chances:} Rd2+ 39. Ke5 Rh6 40. Rxf7 Re2+ 41. Kd6 Rd2+ 42. Kc6 Ke8 43.
Rfe7+ Kf8 44. Rh7 Rxh7 45. Rxh7 Rd3 46. c5) 36... Rd2+ 37. Ke7 $2 {This could
miss the win.} (37. Ke5 Rxd7 38. Rxd7 Rg6 39. Rxf7 Rxg3 40. Kxe6 h4 41. Rh7 h3
(41... Rc3 42. Rxh4 Kc7 43. Kxf5 Rxc4 44. Rh3 {!} Kd6 45. Re3 Rc8 46. Kg6 {
and White is winning}) 42. Kxf5 {and White should win.}) 37... Rxd7+ 38. Rxd7
Rh6 39. Rd2 e5 {?} (39... Kc7 $1 {would have taken the c-pawn under control
and should save the game:} 40. Rh2 (40. Kxf7 h4 41. gxh4 Rxh4 42. Rf2 Rh6 {
with a draw}) 40... Rh7 41. Kf8 f6 42. Kg8 Rd7 43. Rxh5 Kd6 44. Kf8 Rc7 45. Rh6
Rxc4 $11) 40. Kd7 h4 41. c5 {Now White is winning.} f6 42. Rb2+ Ka7 43. c6 hxg3
44. c7 Rh2 45. c8=Q Rxb2 46. Qc5+ Kb7 47. Qc6+ Kb8 48. Qc7+ Ka8 49. Kc8 1-0